Educational psychology

שמור ב:
מידע ביבליוגרפי
מחבר ראשי: Arthur Gates and others
פורמט: ספר
שפה:אנגלית
יצא לאור: New York. The MacMillan Company. 1952.
מהדורה:3ª ed.
נושאים:
תגים: הוספת תג
אין תגיות, היה/י הראשונ/ה לתייג את הרשומה!

MARC

LEADER 00000nam a22000005a 4500
001 15935
003 CL-ChBUA
005 20120815103559.0
008 070301s1952 xxu 000 0 eng
040 |a CL-ChBUA  |c CL-ChBUA 
082 0 0 |a 370.153 
090 |c 15935  |d 15935 
100 1 |a Arthur Gates and others. 
245 1 0 |a Educational psychology 
250 |a 3ª ed. 
260 |b The MacMillan Company.  |a New York.  |c 1952. 
650 4 |a PSICOPEDAGOGIA. 
942 |c LIB 
952 |0 0  |1 0  |4 0  |7 0  |9 22174  |a UNACH  |b UNACH  |c 300  |d 2007-03-05  |i 9.472.  |l 0  |o 370.153 / Ed 24.  |p 23173  |r 2026-04-02 21:12:55  |u 22174  |w 2012-08-08  |y LIB  |k 370.153 / Ed 24. 
999 |c 15935  |d 15935